| 000 | 01012nam a22003017a 4500 | ||
|---|---|---|---|
| 003 | CHAP | ||
| 005 | 20220329133642.0 | ||
| 008 | 971013s1985 mx r 00010 spa d | ||
| 010 | _a9068 | ||
| 011 | _a10040 | ||
| 035 | _a9277 | ||
| 040 | _cCHAP | ||
| 082 | 0 | 4 |
_a658.3 _bP53Y 1985 |
| 100 | 0 | 0 |
_aPigors, Paul. _988059 |
| 245 | 1 | 0 |
_aAdministración de personal : _bun punto de vista y un método _c/por Paul Pigors |
| 260 |
_aMéxico, D. F. : _bCECSA, _c1985 |
||
| 300 | _a627 p. | ||
| 500 | _aTrad. de : Personnel administration : a point of view and a method. 9 ed. 1985 | ||
| 590 |
_aBATCH-UPD _b10 _c20130110 _lUCH01 _h2057 |
||
| 590 |
_aBATCH-UPD _b10 _c20130410 _lUCH01 _h1410 |
||
| 590 |
_aBATCH-UPD _b10 _c20130914 _lUCH01 _h1908 |
||
| 590 |
_aCONVERSION _b10 _c20130109 _lUCH01 _h1306 |
||
| 650 | 1 | 4 |
_aPersonal _xAdministración de. _987325 |
| 700 | 0 |
_aMyers, Charles A. _979937 |
|
| 901 | _aBK | ||
| 942 | _cLIBRO | ||
| 949 |
_a658.3 P53Y 1985 _bBC _cLIBRO _d33724000924536 _eLIBRO _gI.c/e _h77745 _i9277 _si _t43.00 |
||
| 999 |
_c9068 _d9068 |
||